00811nam a2200193 a 450000100100000000500170001000800410002704000250006808200160009311000720010924500630018126000370024430000200028149000720030170000320037383000810040595201140048699900170060000002993620200930055924.0110415s2004 dr 000 0 spa d aDO-SdBNPbspacBNPHU axxxbC3978s2 aCentro Nacional de Investigaciones en Salud Materno Infantil95575710aCromosomapatías sexuales (Y) /ceditora Hugo R. Mendoza. aSanto Domingo :bCENISMI,c2004. a32 p. ;c28 cm.1 aInvestigaciones clínicasaEstudiso aplicados a la clínicavv. 11 aMendoza, Hugo R.eed.96390 0aInvestigaciones clínicaspEstudiso aplicados a la clínicav1vv.3956677 0010718PDaPDbPDcCTd2011-04-27iLF1l0oxxx C3978sp29936-10r2020-06-25w2020-06-25yLFPDZNo se presta c29428d29428